| 000 | 00561nam a22001937a 4500 | ||
|---|---|---|---|
| 003 | OSt | ||
| 005 | 20180116183028.0 | ||
| 008 | 151216b xxu||||| |||| 00| 0 eng d | ||
| 020 | _a02-560-97-2 | ||
| 024 | _202-560-97-2 | ||
| 040 | _cLahore LUMS | ||
| 082 | _a174.4 LUM 1997 | ||
| 100 | _aSipra N, Hassan S F | ||
| 245 |
_aA NOTE ON THE FERTILIZER INDUSTRY _cSipra N, Hassan S F |
||
| 260 |
_aLahore LUMS _b Lahore University of Management Sciences _c1997 |
||
| 300 |
_a16 p. _bPapers |
||
| 440 | _aA NOTE ON THE FERTILIZER INDUSTRY | ||
| 942 |
_2ddc _cCS |
||
| 999 |
_c350896 _d350896 |
||